| 000 | 00381nam a22001457a 4500 | ||
|---|---|---|---|
| 003 | OSt | ||
| 008 | 220829b |||||||| |||| 00| 0 eng d | ||
| 020 | _a812041005X | ||
| 082 |
_a633.88 _bNAR/ME |
||
| 100 |
_aNarong chomchalow _95252 |
||
| 245 | _aMedicinal and aromatic plants in asia | ||
| 260 |
_aNew delhi _boxford & ibh publication co.pvt _c1995 |
||
| 300 | _a196 | ||
| 942 | _cBK | ||
| 999 |
_c17554 _d17554 |
||